Statystyki dla Miasta Szwecji

Kliknij tutaj aby rozwiązać quiz!

Ogólne statystyki

  • Ten quiz został rozwiązany 27 razy
  • Średni wynik to 8 z 29

Statystyki odpowiedzi

HintOdpowiedzi% Poprawnych
Stolica SzwecjiSztokholm
100%
W tym miescie jest Turning TorsoMalmö
88%
Goteborg
73%
Uppsala
50%
Karlskrona
38%
Z tlumaczenia Miasto KarlaKarlstad
35%
Örebro
35%
Ystad
35%
Falun
31%
Helsinborg
27%
Nazwa Podobna do pewnego morskiego zwierzecia.Kalmar
27%
Vasteras
27%
Gävle
23%
Jedno z wiekszych miast LaponiiKiruna
23%
Lund
23%
Norrköping
23%
Östersund
23%
Umeå
23%
Linköping
19%
Växjö
19%
Luleå
15%
Sundsvall
15%
Trelleborg
15%
Kristianstad
12%
Skellefteå
12%
Borlänge
4%
Halmstad
4%
Eslöv
0%
Vispy
0%

Rozkład punktacji

Percentyl według liczby udzielonych odpowiedzi

Procent ludzi z każdym wynikiem

Twoja historia wyników

Nie rozwiązałeś tego quizu